Land of diverse migrations (Record no. 10094)
[ view plain ]
| 000 -BAŞLIK | |
|---|---|
| Sabit Uzunlukta Kontrol Alanı | 01130na a2200325 4500 |
| 001 - KONTROL NUMARASI | |
| Denetim Alanı | 13035 |
| 003 - KONTROL NUMARASI IDENTIFIER | |
| Denetim Alanı | MIRAKIL |
| 005 - SON İŞLEM TARİHİ VE ZAMANI | |
| Denetim Alanı | 20181213155306.0 |
| 008 - SABİT-BOY VERİ ELEMANLARI - GENEL BİLGİLER | |
| Sabit Uzunlukta Kontrol Alanı | 160817b tu 000 0 |
| 020 ## - ULUSLARARASI STANDART KİTAP NUMARASI | |
| Uluslararası Standart Kitap Numarası | 9786053990406 |
| 035 ## - SİSTEM KONTROL NUMARASI | |
| Sistem Kontrol Numarası | 13035 |
| 040 ## - KATALOGLAMA KAYNAK | |
| Orijinal Kataloglama Ajansı | Milas |
| Kataloglama Dili | tur |
| Metne Dönüştürmek Ajansı | TR-AnCHP |
| 041 ## - DİL KODU | |
| Metin / Ses Parça Veya Ayrı Başlığın Dil Kodu | eng |
| 082 ## - DEWEY ONLU SINIFLANDIRMA NUMARASI | |
| Sınıflandırma Numarası | 304.80561 |
| Ürün Numarası | L25d 2009 |
| 090 ## - SINIFLAMA NUMARASI | |
| Sınıflama Numarası | 304.80561 L25d 2009 |
| 245 ## - BAŞLIK TABLOSU | |
| Başlık | Land of diverse migrations |
| Başlığın Kalan | Challenges of emigration and immigration in Turkey |
| Sorumluluk Tablosu, Vb | edited by: Ahmet İçduygu, Kemal Kirişçi |
| 246 ## - UNVAN FORM VARYING | |
| Başlık Doğru / Kısa Başlığı | Challenges of emigration and immigration in Turkey |
| 260 ## - YAYIN, DAĞITIM, VB | |
| Yayın, Dağıtım, Vb Yeri | İstanbul |
| Yayıncı, Dağıtıcı, Vs Adı | İstanbul Bilgi Üniversitesi Yayınları |
| Yayın, Dağıtım, Vb Tarihi | 2009 |
| 300 ## - FİZİKSEL TANIM | |
| Kapsam | xxviii, 825 s. |
| Diğer Fiziksel Ayrıntıları | tbl. |
| Boyutlar | 23 sm. |
| 490 ## - SERİSİ TABLOSU | |
| Seri Beyanı | Migration Research |
| Hacim / Ardışık Tanımı | 10 |
| 490 ## - SERİSİ TABLOSU | |
| Seri Beyanı | İstanbul Bilgi Üniversitesi yayınları |
| Hacim / Ardışık Tanımı | 236 |
| 504 ## - KAYNAKÇA VB NOT | |
| Kaynakça Vb Notu | Kaynakça ve dizin var. |
| 650 ## - KONU KATMA GİRİŞ - TOPİKAL DÖNEM | |
| Topikal Süreli Veya Coğrafi Ad Giriş Elemanı | Türkler |
| Kronolojik Alt Bölümü | 20. yüzyıl |
| Coğrafi Alt Bölümü | Avrupa |
| 650 ## - KONU KATMA GİRİŞ - TOPİKAL DÖNEM | |
| Topikal Süreli Veya Coğrafi Ad Giriş Elemanı | Türkler |
| Kronolojik Alt Bölümü | 20. yüzyıl |
| Coğrafi Alt Bölümü | ABD |
| 650 ## - KONU KATMA GİRİŞ - TOPİKAL DÖNEM | |
| Topikal Süreli Veya Coğrafi Ad Giriş Elemanı | Göç ve göçmenler |
| Kronolojik Alt Bölümü | 20. yüzyıl |
| Coğrafi Alt Bölümü | Türkiye |
| 651 ## - KONU KATMA GİRİŞ - COĞRAFİ ADI | |
| Coğrafi İsim | Türkiye |
| Genel Alt Bölümü | Göç ve göçmenler |
| Kronolojik Alt Bölümü | 20. yüzyıl |
| 700 ## - KATMA GİRİŞ - KİŞİSEL İSİM | |
| Kişisel Ad | Kirişçi, Kemal |
| 700 ## - KATMA GİRİŞ - KİŞİSEL İSİM | |
| Kişisel Ad | İçduygu, Ahmet |
| 942 ## - EKLENDİ GİRİŞ ELEMANLARI (KOHA) | |
| Sınıflandırma Veya Raf Düzeni Kaynak | Dewey Decimal Classification |
| Koha Öğesi Türü | Books |
| 999 ## - SİSTEM KONTROL NUMARALARI (KOHA) | |
| Koha Biblionumber | 10094 |
| Koha Biblioitemnumber | 10094 |
| Kalıcı Konum | Mevcut Konum | Edinme Tarihi | Edinim Kaynak | Toplam Check-Out'Lar | Tam Çağrı Numarası | Barkod | Tarih Son Görülme | İtibaren Geçerli Fiyatlar | Koha Öğesi Türü |
|---|---|---|---|---|---|---|---|---|---|
| CHP Kütüphanesi | CHP Kütüphanesi | 08/04/2016 | Bağış | 304.80561 L25d 2009 | 000271 | 08/04/2016 | 08/04/2016 | Books |
